World of environmental design : urban spaces III : peripheral parks /

Volumen sobre arquitectura del paisaje en parques en los alrededores de ciudades.

Uloženo v:
Podrobná bibliografie
Hlavní autor: Asensio Cerver, Francisco (autor)
Médium: Kniha
Jazyk:angličtina
Vydáno: Barcelona, España : Atrium, 1994, c1994
Edice:(Arco Colour)
Témata:
Tagy: Přidat tag
Žádné tagy, Buďte první, kdo vytvoří štítek k tomuto záznamu!

MARC

LEADER 00000nam^a2200000^a^4500
001 000051696
005 20250521000000.0
009 20260526115417.897
020 |a 84-8185-007-1 
037 |a Acervo ITESO - Biblioteca 
041 |a ING 
082 |a 712.  |b ASE V. 8 
100 |a Asensio Cerver, Francisco  |e (autor) 
245 1 0 |a World of environmental design :  |b urban spaces III : peripheral parks /  |c F. Asencio Cerver. 
264 4 |a Barcelona, España :  |b Atrium,  |c 1994, c1994 
300 |a 255 p. 
336 |a texto  |b txt  |2 rdacontenido 
337 |a sin mediación  |b n  |2 rdamedio 
338 |a volumen  |b nc  |2 rdasoporte 
440 1 |a (Arco Colour) 
520 |a Volumen sobre arquitectura del paisaje en parques en los alrededores de ciudades. 
649 |a XX 
650 |a Arquitectura del Paisaje 
650 |a Centros Turísticos 
650 |a Parques Públicos y Alamedas 
650 |a Jardines 
650 |a Centros de Recreación 
650 |a Diseño Arquitectónico 
910 |a Fondo General 
920 |a Impresos - Libros 
930 |a Reserva Especial 
905 |a 103 
901 |a 0500008919  |b IT1  |c REE  |u 20250521 
902 |a https://opac.biblio.iteso.mx/vufind/Record/000051696